000 00458nam a2200145Ia 4500
008 090124s9999 xx 000 0 und d
082 _b33573
245 _a माझी जमीन माझी मिळकत
250 _a1
260 _bडावखर संपत
_c2006
300 _a124
630 _a माझी जमीन माझी मिळकत
730 _a माझी जमीन माझी मिळकत
942 _cBOOK
999 _c181096
_d181096